| 000 | 00738nam a2200241Ia 4500 | ||
|---|---|---|---|
| 008 | 180523s9999 xx 000 0 und d | ||
| 020 | _a0-415-30347-8 | ||
| 050 | _aMAIN LC 4019.3 | ||
| 050 | _b.W55 2003 | ||
| 100 | _aWilson, Ruth A. | ||
| 245 | 0 | _aSpecial educational needs in the years / | |
| 245 | 0 | _cRuth A. Wilson. | |
| 250 | _a2nd Edition | ||
| 260 | _aLondon : | ||
| 260 | _bRoutlege Falmer, | ||
| 260 | _c2003 | ||
| 300 | _a268 pages : | ||
| 300 | _c23 cm. | ||
| 440 | _aTeaching and learning in the early years | ||
| 500 | _aIncludes bibliographical references and index. | ||
| 650 | _aChildren with disabilities -- Education (Early childhood) -- Case studies. | ||
| 650 | _xSpecial education -- Case studies. | ||
| 999 |
_c357335 _d357335 |
||